Nghiệm nhớt của bài toán Cauchy Cho phương trình Hamilton - Jacobi

Phương trình đạo hàm riêng cấp một. Nghiệm nhớt của phương trình Hamilton - Jacobi. Công thức nghiệm nhớt của phương trình Hamilton - Jacobi

Spremljeno u:
Bibliografski detalji
Glavni autor: Trần Phước Dũng
Daljnji autori: Nguyễn Chánh Định TS Hướng dẫn
Format: Knjiga
Jezik:Vietnamese
Izdano: Đà Nẵng Đại học Đà Nẵng 2008
Serija:Luận văn Thạc sĩ. Chuyên ngành: Phương pháp toán sơ cấp. Mã số: 60.46.40
Teme:
Oznake: Dodaj oznaku
Bez oznaka, Budi prvi tko označuje ovaj zapis!
Thư viện lưu trữ: Mạng thư viện Đại học Đà Nẵng
LEADER 01502nam a2200361 4500
001 000010238
003 6440
005 20120228080224.0
008 111209s2008 viesd
041 |a vie 
072 |a Luận văn thạc sĩ Khoa học 
082 |a 515.2  |b TR-D 
100 |a Trần Phước Dũng 
245 |a Nghiệm nhớt của bài toán Cauchy Cho phương trình Hamilton - Jacobi  |c Trần Phước Dũng 
260 |a Đà Nẵng  |b Đại học Đà Nẵng  |c 2008 
300 |a 47 tr.  |c 29 cm 
490 |a Luận văn Thạc sĩ. Chuyên ngành: Phương pháp toán sơ cấp. Mã số: 60.46.40 
520 |a Phương trình đạo hàm riêng cấp một. Nghiệm nhớt của phương trình Hamilton - Jacobi. Công thức nghiệm nhớt của phương trình Hamilton - Jacobi 
653 |a Phương trình đạo hàm 
653 |a Nghiệm nhớt 
653 |a Luận văn Thạc sĩ Toán sơ cấp 
653 |a Toán học 
700 |a Nguyễn Chánh Định  |c TS  |c Hướng dẫn 
OWN |a LSP 
AVA |a UDN50  |b LSP  |d 515.2 TR-D  |e available  |t Error 5001 Not defined in file expand_doc_bib_avail.  |f 1  |g 0  |h N  |i 0  |k 1 
999 |a From the UDN01 
AVA |a UDN50  |b LSP  |d 515.2 TR-D  |e available  |t Error 5001 Not defined in file expand_doc_bib_avail.  |f 1  |g 0  |h N  |i 0  |k 1 
TYP |a Monograph 
TYP |a Printed language 
980 |a Mạng thư viện Đại học Đà Nẵng